Detalles MARC
| 000 -LÍDER |
| Campo fijo de descripción fija |
02228aam a2200313 i 4500 |
| 001 - NÚMERO DE CONTROL |
| Campo de control |
768714001 |
| 003 - IDENTIFICADOR DEL NÚMERO DE CONTROL |
| Campo de control |
CO-MdFUSB |
| 005 - FECHA Y HORA DE LA ULTIMA TRANSACCIÓN |
| control field |
20240828164703.0 |
| 007 - CAMPO FIJO DE DESCRIPCIÓN FIJA--INFORMACIÓN GENERAL |
| Campo fijo de descripción fija |
ta |
| 008 - ELEMENTOS DE LONGITUD FIJA -- INFORMACIÓN GENERAL |
| Campo fijo de descripción fija -- Información general |
240828t1992 -us |||| |||| 00| 0 eng d |
| 020 ## - NÚMERO INTERNACIONAL NORMALIZADO PARA LIBROS |
| Número Internacional Normalizado del libro |
0-31053300-7 |
| 040 ## - FUENTE DE CATALOGACIÓN |
| Agencia que realiza la transcripción |
CO-MdFUSB |
| 041 0# - CÓDIGO DE IDIOMA |
| Código de idioma para texto/pista de sonido o título separado |
eng |
| 082 04 - NÚMERO DE CLASIFICACIÓN DECIMAL DEWEY |
| Número de clasificación |
220.6 |
| Número de la edición del Dewey |
23 |
| Clave de autor-Numero de item |
F965 |
| 100 1# - ASIENTO PRINCIPAL--NOMBRE PERSONAL |
| Nombre personal |
Fuller, Daniel P. |
| Término relacionador |
autor |
| 245 14 - TÍTULO |
| Título del Material |
The unity of the Bible : |
| Parte restante del título - Subtitulo |
unfolding God's plan for humanity |
| Mención de responsabilidad, etc. |
/ Daniel P. Fuller |
| 264 #1 - PRODUCCIÓN, PUBLICACIÓN, DISTRIBUCIÓN, MANUFACTURA, Y COPYRIGHT |
| Nombre del productor, publicador, distribuidor |
Zondervan Publishing House, |
| Lugar de producción, publicación, distribución, manufactura |
Grand Rapids, Michigan : |
| Fecha de producción, publicación, distribución, manufactura, o copyright |
[1992] |
| 264 #4 - PRODUCCIÓN, PUBLICACIÓN, DISTRIBUCIÓN, MANUFACTURA, Y COPYRIGHT |
| Fecha de producción, publicación, distribución, manufactura, o copyright |
©1992 |
| 300 ## - DESCRIPCIÓN FÍSICA |
| Extensión |
508 páginas |
| Dimensiones |
; 24 cm |
| 336 ## - TIPO DE CONTENIDO |
| Fuente |
rdacontent |
| Término de tipo de contenido |
texto |
| Código de tipo de contenido |
txt |
| 337 ## - TIPO DE MEDIO |
| Fuente |
rdamedia |
| Nombre del tipo de medio |
sin mediación |
| Código del tipo de medio |
n |
| 338 ## - TIPO DE SOPORTE |
| Fuente |
rdacarrier |
| Nombre del tipo de soporte |
volumen |
| Código Tipo de soporte |
nc |
| 505 ## - NOTA DE CONTENIDO |
| Información miscelánea |
Parte 1: |
| Título |
El valor de la investigación:<br/> |
| Nota de contenido con formato preestablecido |
Evidencia de la unidad de la Biblia. -- El canon del Antiguo Testamento y la unidad de la Biblia. -- El clímax de las intervenciones proféticas. -- El surgimiento del canon del Nuevo Testamento.-- El futuro de uno en el hinduismo y el budismo. -- El mundo del Islam. |
| Información miscelánea |
Parte 2: |
| Título |
Los fundamentos de la historia redentora: |
| Nota de contenido con formato preestablecido |
Un estudio inductivo de Génesis 1:1-2:3. -- La obra necesaria de Dios de ser una trinidad. -- La obra gratuita de creación de Dios. -- El primer paso para responder al propósito de Dios. -- El segundo paso para responder al propósito de Dios. -- La caída (Génesis 2:4-3:24). -- La justicia de un infierno eterno. -- Las riquezas de la misericordia de Dios desde la cruz. -- La casi extinción de la semilla de la mujer. -- Protección para la descendencia de la mujer. |
| Información miscelánea |
Parte 3: |
| Título |
Israel, libro de texto para las naciones: |
| Nota de contenido con formato preestablecido |
El perdón de los pecados de Abraham. -- La fe de Abraham en las promesas de Dios. -- La fe perseverante de Abraham. -- Las bendiciones para la descendencia de Abraham. -- ¿Cuál era el propósito de la ley? -- La ley ceremonial judía. -- El reino de Dios en el Antiguo Testamento. |
| Información miscelánea |
Parte 4: |
| Título |
El evangelio llega al mundo: |
| Nota de contenido con formato preestablecido |
Jesús presenta el reino de Dios. -- El ámbito actual del reino de Dios. -- La conversión de Israel. |
| 563 ## - NOTA DE ENCUADERNACIÓN |
| Nota de encuadernación |
Pasta dura |
| 630 07 - TITULO UNIFORME |
| Título uniforme |
Biblia. |
| Nombre de parte o sección de la obra |
Antiguo Testamento |
| Subdivisión de materia general |
Crítica, interpretación, etc. |
| 942 ## - TIPO DE MATERIAL (KOHA) |
| Tipo de Item KOHA |
Libros General |
| 945 ## - INFORMACIÓN LOCAL DEL REGISTRO |
| Catalogador |
JTF-925 |